000 00847nam a2200265 i 4500
001 C2-0305156
003 PPAK
005 20180728090338.0
008 100801s2010 my a|||| ||||| | may d
020 _a9789675242632
040 _aPPAK
_beng
_cPPAK
_erda
082 0 4 _a306.09595
_223
090 0 0 _a306.09595
_bNUR
_dK
100 0 _aNur Azmi Mokhtar,
_eauthor
245 1 0 _aPerpaduan teras kejayaan
264 1 _aMelaka :
_bMedia Ink Publishing ,
_c2010
300 _a48 pages :
_billustrations ;
_c26 cm
336 _2rdacontent
_atext
337 _2rdamedia
_aunmediated
338 _2rdacarrier
_avolume
490 1 _aSiri kenali budaya rasa muhibah
650 1 0 _aSocial interaction - Malaysia - Juvenile literature. ; Malaysia - Race relations - Juvenile literature.
830 0 _aSiri kenali budaya rasa muhibah
942 _ddc
_cB
999 _c108183
_d108183